02285nam a22002777a 450000500170000000800410001702000180005804000070007604100120008308200220009510000370011724501250015425000060027926000390028530000260032436500550035052012960040565000190170165000150172065000170173570000280175270000240178094200120180499900190181695201720183520230309121531.0230309b ||||| |||| 00| 0 eng d a9781789612561 cAL aEnglish 223a006.696bBAEB aOscar Baechler and others974785 aBlender 3D by Example : A project-based guide to learning the latest Blender 3D EEVEE rendering engine and Grease Pencil a2 aMumbaibPackt Publishing Ltdc2020 a642 p.bPBc23x19 cm. a8078b₹2239.00c₹d₹2799.00e20%f27-02-2023 aBlender is a powerful 3D creation package that supports every aspect of the 3D pipeline. With this book, you'll learn about modeling, rigging, animation, rendering, and much more with the help of some interesting projects. This practical guide, based on the Blender 2.83 LTS version, starts by helping you brush up on your basic Blender skills and getting you acquainted with the software toolset. You’ll use basic modeling tools to understand the simplest 3D workflow by customizing a Viking themed scene. You'll get a chance to see the 3D modeling process from start to finish by building a time machine based on provided concept art. You will design your first 2D character while exploring the capabilities of the new Grease Pencil tools. The book then guides you in creating a sleek modern kitchen scene using EEVEE, Blender’s new state-of-the-art rendering engine. As you advance, you'll explore a variety of 3D design techniques, such as sculpting, retopologizing, unwrapping, baking, painting, rigging, and animating to bring a baby dragon to life. By the end of this book, you'll have learned how to work with Blender to create impressive computer graphics, art, design, and architecture, and you'll be able to use robust Blender tools for your design projects and video games. aBlender974786 a3D 974787 aEEVEE974788 aBAECHLER (Oscar)974789 aGREER (Xury)974790 2ddccBK c226953d226953 00102ddc40708CAAaALbALd2023-03-03eBiblios Book Point Surathkal Mangalore 575014g2239.00l0o006.696 BAEBp076474r2023-03-09 00:00:00v2799.00w2023-03-09yBK